00589nam a2200205 a 4500001001300000003000900013005001700022008004100039020002300080082001700103100002000120245007000140260004000210300000900250500003500259505002200294650002600316700001800342700002300360nice12345678IN_TiNIC20260116014129.0100216s2009 newa grp 000 0 eng  a9788125036982c67500a306.449bMOH aMohanty, Ajit K aMultilingual Education for Social Justiceb Globalising the Local aNew Delhi bOrient Blackswan c2009 a400p aincludes index and biblioraphy2 areferences, index aLanguage and Politics1 aMinati, Panda1 aRobert, Phillipson